Normal view
MARC view
- تأليف جداية، عبد الرحيم سليمان
Entry Personal Name
001 - CONTROL NUMBER
- control field: 47743
003 - CONTROL NUMBER IDENTIFIER
- control field: JO-AjAnu
005 - DATE AND TIME OF LATEST TRANSACTION
- control field: 20230606081859.0
008 - FIXED-LENGTH DATA ELEMENTS
- fixed length control field: 230606|| aca||aabn | a|a d
040 ## - CATALOGING SOURCE
- Original cataloging agency: JO-AjAnu
- Transcribing agency: JO-AjAnu
100 ## - HEADING--PERSONAL NAME
- Personal name: تأليف جداية، عبد الرحيم سليمان
670 ## - SOURCE DATA FOUND
- Source citation: Work cat.: (JO-AjAnu)24431: تأليف جداية، عبد الرحيم سليمان, author, طفولة حرف: ومضات